Výhra /

Hlavní autor: Pražáková, Hana, 1930-2010
Jazyk: Čeština
Vydáno: Praha : Albatros, 1984
Vydání: 1. vyd.
Edice: Veronika (Albatros)
Témata:
Externí odkaz: Digitalizovaný dokument
Fyzický popis: 146 s.
Knihy
Uloženo v:
LEADER 01062nam a22002772a 4500
001 000044486
003 CZ BrMZK
005 20100721110644.0
007 ta
008 951201s1984 xr f cze d
015 |a cnb000008326 
040 |a BOA001  |b cze 
100 1 |a Pražáková, Hana,  |d 1930-2010  |7 jk01100984  |4 aut 
245 1 0 |a Výhra /  |c Hana Pražáková 
250 |a 1. vyd. 
260 |a Praha :  |b Albatros,  |c 1984 
300 |a 146 s. 
490 1 |a Veronika 
830 0 |a Veronika (Albatros)  |0 s 
856 4 1 |u http://www.digitalniknihovna.cz/mzk/uuid/uuid:91460080-fd93-11e2-9923-005056827e52  |y Digitalizovaný dokument  |x NDK 
910 |a BOA001  |b PK-0097.408  |b 2-0874.771 
964 |a Studenti - život - romány pro mládež 
990 |a BK 
996 6 |b 2619319544  |c 2-0874.771  |l MZK  |r Sklad / do 1 hodiny  |n 0  |w 000044486  |u 000020  |a 1  |e BOA001  |j MZK50  |s P 
996 7 |b 2619319545  |c 2-0874.771  |l MZK  |r Sklad / do 1 hodiny  |n 0  |w 000044486  |u 000030  |a 1  |e BOA001  |j MZK50  |s A 
996 7 |b 3119985116  |c PK-0097.408  |l MZK  |r Sklad / do 1 hodiny  |n 7  |w 000044486  |u 000010  |a 1  |e BOA001  |j MZK50  |s A